| Поле | Инд. | ПП | Название | Значение |
|---|---|---|---|---|
| Тип записи | a | |||
| Библиографический уровень | b | |||
| 001 | Контрольный номер | RU/IS/BASE/234615768 | ||
| 005 | Дата корректировки | 20210204124951.0 | ||
| 040 | b | Код языка каталог. | rus | |
| e | Правила каталог. | PSBO | ||
| 041 | 0_ | a | Код языка текста | rus |
| 084 | a | Индекс другой классификации/Индекс ББК | 81.411.2-03-3; 83.3(2=411.2)5; 63.3(2)521.2-7 | |
| 100 | 1_ | a | Автор | Фролова О. Е. |
| 245 | 11 | a | Заглавие | "Пиковая дама" А. С. Пушкина: символика и композиция текста |
| 504 | a | Библиография | Библиогр. - Примеч.: с. 61 - 63 | |
| 520 | 0_ | a | Аннотация | В статье автор пытается прояснить семантику карточных терминов и смоделировать понимание пушкинской повести в первой трети XIX в., а также показывает, каким образом карточная терминология формирует смысл повести |
| 600 | 14 | a | Персоналии | Пушкин Александр Сергеевич |
| 650 | 04 | a | Основная рубрика | история |
| a | Основная рубрика | история литературы | ||
| a | Основная рубрика | лексикология | ||
| a | Основная рубрика | литературоведение | ||
| a | Основная рубрика | русский язык; история языка | ||
| a | Основная рубрика | филологические науки | ||
| a | Основная рубрика | частное языкознание | ||
| a | Основная рубрика | языкознание | ||
| 653 | 0_ | a | Ключевые слова | "Пиковая дама" |
| a | Ключевые слова | XIX век | ||
| a | Ключевые слова | анализ текста | ||
| a | Ключевые слова | игральные карты | ||
| a | Ключевые слова | история карт | ||
| a | Ключевые слова | карточная игра | ||
| a | Ключевые слова | карточная терминология | ||
| a | Ключевые слова | лексика | ||
| a | Ключевые слова | литературный текст | ||
| a | Ключевые слова | Россия | ||
| a | Ключевые слова | русская литература | ||
| a | Ключевые слова | терминология | ||
| a | Ключевые слова | культура | ||
| 773 | 0_ | t | Заглавие источника | Вестник Московского университета. Серия 9, Филология |
| d | Дата издания источника | 2006 | ||
| g | Прочая информация | № 5. - С. 49 - 63 : табл. | ||
| w | Контрольный № источника | RU/IS/BASE/220371624 | ||
| 901 | t | Тип документа | b |